书目信息 |
| 题名: |
编码理论
|
|
| 作者: | 田丽华 编著 | |
| 分册: | ||
| 出版信息: | 西安 西安电子科技大学出版社 2016.12 |
|
| 页数: | 360页 | |
| 开本: | 26cm | |
| 丛书名: | ||
| 单 册: | ||
| 中图分类: | O157.4 | |
| 科图分类: | ||
| 主题词: | 编码理论--高等学校--教材 | |
| 电子资源: | ||
| ISBN: | 978-7-5606-4081-5 | |
| 000 | 00916nam0 2200253 450 | |
| 001 | 0400001499 | |
| 005 | 20171025144333.93 | |
| 010 | @a978-7-5606-4081-5@dCNY40.00 | |
| 100 | @a20170215d2016 em y0chiy50 ea | |
| 101 | 0 | @achi |
| 102 | @aCN@b610000 | |
| 105 | @ay z 000yy | |
| 106 | @ar | |
| 200 | 1 | @a编码理论@9bian ma li lun@f田丽华编著 |
| 205 | @a第3版 | |
| 210 | @a西安@c西安电子科技大学出版社@d2016.12 | |
| 215 | @a360页@d26cm | |
| 300 | @a高等学校电子信息类专业“十三五”规划教材 | |
| 330 | @a本书系统介绍了信源的压缩编码、信道的纠错编码、加密编码及组合编码等的基本原理及应用,同时介绍了需要的信息理论、数论及近代代数的相关知识。本书主要内容有信息传输系统的研究对象、目的和内容,信源及其信息度量,信道及其信道容量等。 | |
| 606 | 0 | @a编码理论@x高等学校@j教材 |
| 690 | @aO157.4@v5 | |
| 701 | 0 | @a田丽华@9tian li hua@4编著 |
| 801 | 0 | @aCN@b91MARC@c20171018 |
| 905 | @b1021074-8@dO157.4@f5@e114=3 | |
| 编码理论/田丽华编著.-第3版.-西安:西安电子科技大学出版社,2016.12 |
| 360页;26cm |
| 高等学校电子信息类专业“十三五”规划教材 |
| ISBN 978-7-5606-4081-5:CNY40.00 |
| 本书系统介绍了信源的压缩编码、信道的纠错编码、加密编码及组合编码等的基本原理及应用,同时介绍了需要的信息理论、数论及近代代数的相关知识。本书主要内容有信息传输系统的研究对象、目的和内容,信源及其信息度量,信道及其信道容量等。 |
| ● |
| 相关链接 |
|
|
|
|
正题名:编码理论
索取号:O157.4/114=3
 
预约/预借
| 序号 | 登录号 | 条形码 | 馆藏地/架位号 | 状态 | 备注 |
| 1 | 1021074 | 210210742 | 第二样本阅览室/ [索取号:O157.4/114=3] | 在馆 | |
| 2 | 1021075 | 210210751 | 数信系资料室/ [索取号:O157.4/114=3] | 在馆 | |
| 3 | 1021076 | 210210760 | 第三借阅区/ [索取号:O157.4/114=3] | 在馆 | |
| 4 | 1021077 | 210210779 | 第三借阅区/ [索取号:O157.4/114=3] | 在馆 | |
| 5 | 1021078 | 210210788 | 第三借阅区/ [索取号:O157.4/114=3] | 在馆 |